000 00669nam a2200229Ia 4500
003 OSt
005 20221005132708.0
006 a|||||r|||| 00| 0
007 ta
008 221004b |||||||| |||| 00| 0 eng d
024 _a59500
037 _cTextual
040 _aCRL
_cCRL
_beng
041 _2eng
_aeng
082 _aU8:791:M8, 113K8
100 _aSteinen Karl Von Den
_9641492
245 0 _aUnter den Naturvolkern zentral Brasiliens
_b Reiseschilderung and ergebnisse der Zweitch Schingu-Expedition.
260 _c1968
650 _aGEOGRAPHY
942 _hU8:791:M8, 113K8
_cTEXL
_2cc
999 _c1064531
_d1064531